Adaptive control of nonlinear systems / (رقم التسجيلة. 3929)

تفاصيل مارك
000 -LEADER
fixed length control field 011920000a22003130004500
003 - CONTROL NUMBER IDENTIFIER
control field EG-GICUC
005 - DATE AND TIME OF LATEST TRANSACTION
control field 20250223025023.0
008 - FIXED-LENGTH DATA ELEMENTS--GENERAL INFORMATION
fixed length control field 071016s2001 ua f m 000 0 eng d
040 ## - CATALOGING SOURCE
Original cataloging agency EG-GICUC
Language of cataloging eng
Transcribing agency EG-GICUC
041 0# - LANGUAGE CODE
Language code of text/sound track or separate title Eng
049 ## - LOCAL HOLDINGS (OCLC)
Holding library Deposite
097 ## - Thesis Degree
Thesis Level M.Sc
099 ## - LOCAL FREE-TEXT CALL NUMBER (OCLC)
Classification number Cai01.13.08.M.Sc.2001.Na.A
100 0# - MAIN ENTRY--PERSONAL NAME
Personal name Nabila Ahmed Shereen Abdelrahman Fawzy
245 10 - TITLE STATEMENT
Title Adaptive control of nonlinear systems /
Statement of responsibility, etc. Nabila Ahmed Shereen Abdelrahman Fawzy ; Supervised Mohamed Fahim Hassan , Ragya Esmail Badr , Ahmed Ali Aboulsoud
246 15 - VARYING FORM OF TITLE
Title proper/short title التحكم الموائم للنظم اللاخطية
260 ## - PUBLICATION, DISTRIBUTION, ETC.
Place of publication, distribution, etc. Cairo :
Name of publisher, distributor, etc. Nabila Ahmed Shereen Abdelrahman Fawzy ,
Date of publication, distribution, etc. 2001
300 ## - PHYSICAL DESCRIPTION
Extent 121P. :
Other physical details ill. ;
Dimensions 30cm
502 ## - DISSERTATION NOTE
Dissertation note Thesis (M.Sc.) - Cairo University - Faculty Of Engineering - Department Of Electronics and Communications
653 #4 - INDEX TERM--UNCONTROLLED
Uncontrolled term Adaptive control
653 #4 - INDEX TERM--UNCONTROLLED
Uncontrolled term nonlinear systems
700 0# - ADDED ENTRY--PERSONAL NAME
Personal name Ahmed Ali Aboulsoud ,
Relator term
700 0# - ADDED ENTRY--PERSONAL NAME
Personal name Mohamed Fahim Hassan ,
Relator term
700 0# - ADDED ENTRY--PERSONAL NAME
Personal name Ragya Esmail Badr ,
Relator term
856 ## - ELECTRONIC LOCATION AND ACCESS
Uniform Resource Identifier <a href="http://172.23.153.220/th.pdf">http://172.23.153.220/th.pdf</a>
905 ## - LOCAL DATA ELEMENT E, LDE (RLIN)
Cataloger Amira
Reviser Cataloger
905 ## - LOCAL DATA ELEMENT E, LDE (RLIN)
Cataloger Esam
Reviser Revisor
942 ## - ADDED ENTRY ELEMENTS (KOHA)
Source of classification or shelving scheme Dewey Decimal Classification
Koha item type Thesis
المقتنيات
Source of classification or shelving scheme Not for loan Home library Current library Date acquired Full call number Barcode Date last seen Koha item type
Dewey Decimal Classification   المكتبة المركزبة الجديدة - جامعة القاهرة قاعة الرسائل الجامعية - الدور الاول 11.02.2024 Cai01.13.08.M.Sc.2001.Na.A 01010110036231000 22.09.2023 Thesis
Cairo University Libraries Portal Implemented & Customized by: Eng. M. Mohamady Contacts: new-lib@cl.cu.edu.eg | cnul@cl.cu.edu.eg
CUCL logo CNUL logo
© All rights reserved — Cairo University Libraries
CUCL logo
Implemented & Customized by: Eng. M. Mohamady Contact: new-lib@cl.cu.edu.eg © All rights reserved — New Central Library
CNUL logo
Implemented & Customized by: Eng. M. Mohamady Contact: cnul@cl.cu.edu.eg © All rights reserved — Cairo National University Library